00717nam a2200157Ia 4500008004100000024006800041082001700109100007800126245003800204260002500242600002700267650003300294856010700327952010800434999001700542250506s9999 xx 000 0 und d a08B-115-EE, 08B-113-EE, 08B-111-EE, 08B-145-EE & 08B-146-EE a629.2072 WAQ aWaqas Azim, Wasi Hyder, Akhtran Ahmed Bugti, Hassan Asgher & Zohaib Saeed 0aInvestigation into Solar Rickshaw aKarachi:bUIT,c2008 aElectronic Engineering aBachelor of Engineering (BE) uhttps://drive.google.com/file/d/1D44hE359C-OUGiqz8ZaK1dfvARwvsXw7/view?usp=sharingyClick Here for PDF 001040708PR-EEaUITUbUITUd2022-07-26l0o629.2072 WAQpEE-209r2025-05-06 11:34:13w2025-05-06yPR c27960d27960